000 01184cam a2200229 4500
001 ABS62758
008 000000n2000 000 0 eng u
035 _a(Sirsi) u108032
245 _aEyre v McCracken
260 _c2000
490 _aProperty and Compensation Reports
_v[2000] 80 P&CR 220-229(5)
520 _aCa 10 March 2000. Tenant, M, was granted a tenancy for seven and a quarter years in 1976. There was a prohibition on assignment. M was a protected tenant and had held over on expiry of the term. E commenced proceedings for possession and damages for breach of repairing covenants in the lease. Lower court found M liable for most of the disrepair claimed and ordered that M must give up possession unless repairs done within a year. Works included a damp-proof course which would cost £15,000 to instal. M disputed liability for the installation of a damp-proof course and appealed. "Held" appeal allowed.
590 _aABS
650 _aEYRE V MCCRACKEN
650 _aREPAIRS
650 _aPOSSESSION
650 _aLIABILITY
650 _aREPAIRING COVENANT
650 _aDAMP-PROOF COURSE
690 _aLANDLORD AND TENANT-LEASES-CASE LAW
942 _n0
999 _c64545
_d64545